000 00589nam a2200205Ia 4500
005 20250508162046.0
008 008 250505s9999 xx 000 0 eng d
020 _a0-470-72586-9
037 _aTextual
040 _aFEDL
_beng
_cFEDL
041 _aeng
_2eng
084 _a370.15, ROB
_qFEDL
100 _aRoberts Thomas B. Ed.
_984392
245 0 _aFour psychologies applied to education
260 _aNew York, USA
_bJohn Wiley and Sons
_c1975
300 _ax,588p.
650 _aEducation - Psychology
942 _cTEXL
_h370.15, ROB
999 _c1374115
_d1374115